| 000 | 00745nam a2200265 a 4500 | ||
|---|---|---|---|
| 001 | 34255 | ||
| 003 | AR-BaAGN | ||
| 005 | 20231116145259.0 | ||
| 007 | ta | ||
| 008 | 220625s1960 ag |||||r|||| ||||||spa d | ||
| 040 |
_dAR-BaAGN _aAR-BaAGN _bspa _eaacr |
||
| 100 | 1 | _aVico, Giambattista | |
| 245 | 1 | 0 |
_aUna ciencia nueva sobre la naturaleza común de las naciones : _bde la sabiduría poética, I |
| 250 | _a2ª ed. | ||
| 260 |
_aBuenos Aires : _bAguilar, _c1960. |
||
| 300 | _a210 páginas | ||
| 336 |
_2rdacontent _btxt |
||
| 337 |
_2rdamedia _bn |
||
| 338 |
_2rdacarrier _bnc |
||
| 490 | 0 |
_aBiblioteca de iniciación filosófica ; _v48 |
|
| 650 | 4 |
_aFILOSOFÍA MODERNA _92734 |
|
| 942 | _cLIBRO | ||
| 999 |
_c34255 _d34255 |
||